Retaining Graduates in University Regions: Evidence from Sweden

Na minha lista:
Detalhes bibliográficos
Autor principal: Rehák, Štefan, 1974-
Outros Autores: Eriksson, Rikard
Formato: Capítulo de Livro
Idioma:inglês
Assuntos:
Tags: Adicionar Tag
Sem tags, seja o primeiro a adicionar uma tag!

MARC

LEADER 00000nla a2200000 4500
001 0241432
005 20240502083648.0
041 0 |a eng 
044 |a SE 
245 1 0 |a Retaining Graduates in University Regions: Evidence from Sweden  |c Štefan Rehák, Rikard Eriksson 
500 |a Abstrakt 
610 2 0 |a absolventi 
610 2 0 |a školy vysoké 
610 2 0 |a univerzity 
610 2 0 |a migrácia 
610 2 0 |a regióny 
610 2 0 |a Švédsko 
100 1 |a Rehák, Štefan, 1974- 
700 1 |a Eriksson, Rikard